Catálogo
 En Linea

Un nuevo modelo de gobierno : (Registro nro. 41258)

Detalles MARC
000 -CABECERA
campo de control de longitud fija 00624nam a2200181 a 4500
001 - NÚMERO DE CONTROL
campo de control 000041769
005 - FECHA Y HORA DE LA ÚLTIMA TRANSACCIÓN
campo de control 20201002035738.0
020 ## - NÚMERO INTERNACIONAL ESTÁNDAR DEL LIBRO
Número Internacional Estándar del Libro 978968659596
040 ## - FUENTE DE LA CATALOGACIÓN
Centro catalogador/agencia de origen DO-SdBNP
Lengua de catalogación spa
Centro/agencia transcriptor BNPHU
082 ## - NÚMERO DE LA CLASIFICACIÓN DECIMAL DEWEY
Número de clasificación xxxx
Número de documento/Ítem xxxx
100 1# - ENTRADA PRINCIPAL--NOMBRE DE PERSONA
Nombre de persona Osborne, David
9 (RLIN) 68625
245 10 - MENCIÓN DE TÍTULO
Título Un nuevo modelo de gobierno :
Resto del título cómo transforma el espiritu empresarial al sector público /
Mención de responsabilidad, etc. David Osborne, Ted Gaebler.
260 ## - PUBLICACIÓN, DISTRIBUCIÓN, ETC.
Lugar de publicación, distribución, etc. Montevideo :
Nombre del editor, distribuidor, etc. Gernika,
Fecha de publicación, distribución, etc. 1994.
300 ## - DESCRIPCIÓN FÍSICA
Extensión 502 p. ;
Dimensiones 21 cm.
490 1# - MENCIÓN DE SERIE
Mención de serie Ciencias políticas
Designación de volumen o secuencia 28
504 ## - NOTA DE BIBLIOGRAFÍA, ETC.
Nota de bibliografía, etc. Incluye referencias bibliográficas y notas al pie de las páginas
830 #0 - PUNTO DE ACCESO ADICIONAL DE SERIE-TÍTULO UNIFORME
Título uniforme Ciencias políticas
Número de parte o sección de la obra 28
9 (RLIN) 68626
Existencias
Estado de retiro Estado de pérdida Restricciones de uso No para préstamo Código de colección Localización permanente Ubicación/localización actual Ubicación en estantería Fecha de adquisición Número de inventario Total de préstamos Signatura topográfica completa Código de barras Fecha visto por última vez Precio válido a partir de Tipo de ítem Koha
      Excluido de préstamo Monografías: Libros y Folletos General General Depósito 17.10.2013 LF1   xxxx xxxx 41769-10 25.06.2020 25.06.2020 No se presta

Con tecnología Koha